000 00791cam a22002294a 4500
001 13802191
005 20180302082058.0
008 041130s2005 nhua b 000 0 eng
010 _a 2004027856
020 _a0325006709
040 _aDLC
_cDLC
_dDLC
041 _aeng
042 _apcc
080 _a510.712 BOA
082 0 0 _a510.712 BOA
_222
100 1 _a36
101 _aMAT
245 1 0 _aConnecting mathematical ideas :
_cJo Boaler, Cathy Humphreys ; foreword by Deborah Loewenberg Ball.
906 _a7
_bcbc
_corignew
_d1
_eecip
_f20
_gy-gencatlg
942 _2ddc
_cBK
999 _c44072
_d44072